000 00580nam a2200169Ia 4500
008 090711s9999 xx 000 0 und d
082 _b17843
100 _aदेशपांडे शं. ह.
245 _aअंबा व न दिसणारा माणूस
260 _c1962
300 _a44
600 _aदेशपांडे शं. ह.
630 _aअंबा व न दिसणारा माणूस
700 _aदेशपांडे शं. ह.
730 _aअंबा व न दिसणारा माणूस
942 _cBOOK
999 _c314044
_d314044